|
|
|
|
| LEADER |
00694cam a2200193 7i4500 |
| 001 |
0000021670 |
| 005 |
20251003090000.0 |
| 008 |
080331 eng |
| 020 |
|
|
|a 9834262419
|
| 040 |
|
|
|a UiTM
|
| 090 |
0 |
0 |
|a Z5074
|b .S57 2007
|
| 100 |
0 |
|
|a Shaharudin Saamin
|
| 245 |
1 |
0 |
|a Bibliography on research and development of sago, peatland, associated soils and crops
|c Shaharudin Saamin.
|
| 260 |
|
|
|a Kajang, Selangor:
|b Sustainable Living Institute (SAVE),
|c 2007.
|
| 300 |
|
|
|a xii, 128 p.;
|c 25 cm.
|
| 504 |
|
|
|a Includes bibliographical references
|
| 650 |
0 |
0 |
|a Sago palms --
|x Research
|
| 650 |
0 |
0 |
|a Peat soils --
|x Research
|
| 999 |
|
|
|a 0000024391
|b BOK
|c REFERENCE
|e 2nd Floor, Shah Alam
|